Kariéra s HN

Z obsahu prílohy: Stratégovia, manažéri a lídri (2). Študijné programy vo Veľkej Británii. Alternatívy sanačných opatrení.

Saved in:
Bibliographic Details
Main Author: Krekáč, M.
Other Authors: Veščičík, Milan
Format: Book Chapter
Language:Slovak
Subjects:
Tags: Add Tag
No Tags, Be the first to tag this record!

MARC

LEADER 00000naa a2200000 4500
001 r021752
005 20230801105259.9
041 0 |a slo 
044 |a SK 
245 1 0 |a Kariéra s HN  |c M. Krekáč, Milan Veščičík 
520 |a Z obsahu prílohy: Stratégovia, manažéri a lídri (2). Študijné programy vo Veľkej Británii. Alternatívy sanačných opatrení. 
610 2 0 |a kariéra 
610 2 0 |a manažéri 
610 2 0 |a pracovníci vedúci 
610 2 0 |a programy študijné 
610 2 0 |a Veľká Británia 
610 2 0 |a manažment krízový 
100 1 |a Krekáč, M. 
700 1 |a Veščičík, Milan